000 004310000a22001690004500
003 MACL
005 20150705141229.0
008 150705b xxu||||| |||| 00| 0 eng d
040 _aMACL
_cMACL
041 _aEnglish
100 _aPasayat, Chitrasen
_9843
245 _aOral Tradition Society and History
260 _bMohit Publications
_c2008
_aNew Delhi
350 _a395
650 _aSociology
_919
942 _cBK
_k301/PAS
_2ddc
999 _c41855
_d41855